书目信息 |
| 题名: |
土木工程施工
|
|
| 作者: | 杨建中, 主编 | |
| 分册: | ||
| 出版信息: | 郑州 郑州大学出版社 2024.11 |
|
| 页数: | 453页 | |
| 开本: | 26cm | |
| 丛书名: | ||
| 单 册: | ||
| 中图分类: | TU74 | |
| 科图分类: | ||
| 主题词: | 土木工程--tu mu gong cheng--工程施工--高等教育--教材 | |
| 电子资源: | ||
| ISBN: | 978-7-5773-0107-5 | |
| 000 | 00935nam0 2200265 450 | |
| 001 | 95016 | |
| 005 | 20250901164531.32 | |
| 010 | @a978-7-5773-0107-5@dCNY59.00 | |
| 100 | @a20250623d2024 em y0chiy50 ea | |
| 101 | 0 | @achi |
| 102 | @aCN@b410000 | |
| 105 | @aak a 000yy | |
| 106 | @ar | |
| 200 | 1 | @a土木工程施工@Atu mu gong cheng shi gong@f主编杨建中 |
| 205 | @a第2版 | |
| 210 | @a郑州@c郑州大学出版社@d2024.11 | |
| 215 | @a453页@c图@d26cm | |
| 320 | @a有书目 (第451-453页) | |
| 330 | @a本书分为十四章, 内容包括: 土方工程、地基处理与基础工程、钢筋混凝土工程、预应力混凝土工程、砌体结构工程、道路与桥梁工程、结构安装工程、防水工程、装饰及节能保温工程等。 | |
| 333 | @a河南省“十四五”普通高等教育规划教材 | |
| 606 | 0 | @a土木工程@Atu mu gong cheng@x工程施工@x高等教育@j教材 |
| 690 | @aTU74@v5 | |
| 701 | 0 | @a杨建中,@Ayang jian zhong@f1969-@4主编 |
| 801 | 0 | @aCN@c20250909 |
| 905 | @a河南城建学院图书馆@dTU74@eY209=2@f1 | |
| 土木工程施工/主编杨建中.-第2版.-郑州:郑州大学出版社,2024.11 |
| 453页:图;26cm |
| 使用对象:河南省“十四五”普通高等教育规划教材 |
| ISBN 978-7-5773-0107-5:CNY59.00 |
| 本书分为十四章, 内容包括: 土方工程、地基处理与基础工程、钢筋混凝土工程、预应力混凝土工程、砌体结构工程、道路与桥梁工程、结构安装工程、防水工程、装饰及节能保温工程等。 |
| ● |
| 相关链接 |
|
|
|
正题名:土木工程施工
索取号:TU74/Y209=2
 
预约/预借
| 序号 | 登录号 | 条形码 | 馆藏地/架位号 | 状态 | 备注 |
| 1 | 1629074 | 216290742 | 建筑库201/201建筑库 108排2列2层/ [索取号:TU74/Y209=2] | 在馆 |